| 000 | 00607nam a22001937a 4500 | ||
|---|---|---|---|
| 005 | 20260605111217.0 | ||
| 010 | _aENG-148762 | ||
| 020 |
_a9788119670536 _c595.00 |
||
| 035 | _aEN-132294 | ||
| 037 | _bDBAD | ||
| 082 |
_a518.1 _21 |
||
| 245 |
_aFoundational Learning: _bInsights From the Global South/ _cEdited by Baela Raza |
||
| 250 | _a1 | ||
| 260 |
_aNew Delhi _bVitasta Publishing Pvt Ltd _c2017 |
||
| 270 |
_a2/15, Ansari Road daryaganj, _bNew Delhi _e110002 _minfo@vitastapublishing.com |
||
| 300 |
_a353p. _c22cm(hb) |
||
| 650 |
_aNoval _989196 |
||
| 942 |
_2ddc _cEN _h518.1 _mFOU |
||
| 999 |
_c216520 _d216520 |
||